000 00460nam a2200181Ia 4500
001 10741
003 IN-NITTTR
005 20251114233100.0
008 251113s9999||||xx |||||||||||||| ||eng||
040 _beng
040 _cIN-NITTTR
041 _aeng
082 _a371.4 H116C
100 _aHackney, Harold
245 0 _aCounseling strategies and objectives. /
_cHackney, Harold, Cormier, L Sherilyn
700 _a Cormier, L Sherilyn
942 _2ddc
_cBK
999 _c13377
_d13377